000 00951njm a22002657a 4500
005 20100903122040.0
006 a|||||r|||||00| 0
007 sd ammalaaahaa
008 100903t xxu||||| |||| 00| 0 eng d
028 _aGE.9072
_bColumbia
035 _aGR-455
040 _aSED
_cSED
100 _917690
245 _aPunjabi Geet Chanwey/
_clyric by F.D. Sharaf; music by Feroze Nizami
_h[Sound Recording] :
246 _aपंजाबी गीत चनवे /
260 _aDum Dum India
_bColumbia
300 _a1 sound disc (Gramophone Recording)
_banalog 33 1/3 rpm
_c9.5 in. (MP)
_fGramophone Record
500 _aBrief Record
505 _aSide1 & 2 - नूर जेहन (Noor Jehan)
650 _aPunjabi Classical Music
_xExcerpts
_zIndia
_917691
700 _aSharaf, F.D.
_918044
700 _aNizami, Feroze
_918068
942 _2ddc
_cGR
999 _c43532
_d43532